| 000 | 00910nam a22002057a 4500 | ||
|---|---|---|---|
| 005 | 20260211081449.0 | ||
| 008 | 240820b ||||| |||| 00| 0 eng d | ||
| 082 | _aDPer 320.05 As421 April-December 2020 v. 28 n. 1-3 | ||
| 100 |
_aTuan, Tran Minh. _eauthor. _958458 |
||
| 245 |
_aDeveloping human resource in research and development : _binternational experiences and implications for Vietnam / _cTran Minh Tuan and Nguyen Xuan Dung. |
||
| 260 |
_aUnited Kingdom ; _bTaylor & Francis Group , _cApril 2020. |
||
| 300 |
_aVolume 28, pages 1-12 : _billustration ; _c26 cm. |
||
| 500 | _aAsian Journal of Political Science, vol. 28, no. 1, pages 1-12, April 2020. | ||
| 650 | 0 |
_aHuman resource. _918131 |
|
| 650 | 0 |
_aResearch and development _966999 |
|
| 650 | 0 |
_aScience and technology. _967000 |
|
| 700 |
_aTuan, Tran Minh. _eauthor. _958458 |
||
| 700 |
_aDung, Nguyen Xuan. _eauthor. _958459 |
||
| 942 |
_2ddc _cPER |
||
| 999 |
_c20691 _d20691 |
||